Top 20 Most Christian Countries - Statistics

General Stats
  • This quiz has been taken 5,444 times
  • The average score is 8 of 20
Answer Stats
Percent Country % Correct
95.9% Mexico
83%
95.7% Colombia
64%
96.5% Peru
64%
95.8% Honduras
59%
95.8% Costa Rica
57%
96.5% El Salvador
57%
95.2% Nicaragua
57%
97.4% Guatemala
56%
97.1% Ecuador
54%
95.4% Poland
54%
95.4% Paraguay
52%
95.0% Dominican Republic
41%
98.5% Romania
33%
98.0% Malta
31%
95.2% Barbados
23%
95.0% Congo (Dem. Rep.)
23%
95.9% Moldova
20%
95.1% Cape Verde
9%
95.3% Solomon Islands
7%
94.8% Papua New Guinea
5%
No matching quizzes found
Score Distribution
Percent of People with Each Score
Percentile by Number Answered
Your Score History
You have not taken this quiz